Spectrochemical analysis : a treatise on the d-c arc analysis of geological and related materials /

Saved in:
Bibliographic Details
Main Author: Ahrens, L. H. (Louis Herman), 1918-
Other Authors: Taylor, Stuart Ross, 1925-
Format: Book
Language:English
Published: Reading, Mass. : Addison-Wesley, 1961.
Edition:2nd ed.
Series:Addison-Wesley series in the earth sciences
Subjects:
LEADER 01099nam a2200277 a 4500
001 c000054552
003 CARM
005 00000000000000.0
008 s1961 mau b 00110 eng d
019 1 |a 4036516  |z 25945528  |z 12414220  |z 24626359  |5 LACONCORD2021 
035 |a (OCoLC)317846  |5 LACONCORD2021 
040 |d AMG 
100 1 |a Ahrens, L. H.  |q (Louis Herman),  |d 1918- 
245 1 0 |a Spectrochemical analysis :  |b a treatise on the d-c arc analysis of geological and related materials /  |c by L.H. Ahrens and S.R. Taylor. 
250 |a 2nd ed. 
260 |a Reading, Mass. :  |b Addison-Wesley,  |c 1961. 
300 |a xxiii, 454 p. ;  |c 24 cm. 
440 0 |a Addison-Wesley series in the earth sciences 
500 |a Includes index. 
504 |a Bibliography: p. 305-351. 
650 0 |a Spectrum analysis. 
700 1 |a Taylor, Stuart Ross,  |d 1925- 
852 8 |b CARM  |h A2:AJ17F0  |i C04616  |p 0186807  |f BK 
082 0 4 |a 544.6 
999 f f |i 001bc868-6bed-5128-bf01-a79024730595  |s fe1f01b2-3da4-5d61-ab62-3c76e8ff9124 
952 f f |p Can circulate  |a CAVAL  |b CAVAL  |c CAVAL  |d CARM 1 Store  |e C04616  |f A2:AJ17F0  |h Other scheme  |i book  |m 0186807